| 000 | 01635nam a22003255i 4500 | ||
|---|---|---|---|
| 999 |
_c27140 _d27112 |
||
| 003 | OSt | ||
| 005 | 20190213142111.0 | ||
| 008 | 190213r20122009nyu |||frb||| 001 0 eng d | ||
| 020 | _a9780199891948 | ||
| 020 | _a019989194X | ||
| 040 |
_aEG-ScBUE _beng _cEG-ScBUE |
||
| 082 | 0 | 4 |
_222 _a955.0543 _bARJ |
| 100 | 1 |
_942004 _aArjomand, Said Amir. |
|
| 245 | 1 | 0 |
_aAfter Khomeini : _bIran under his successors / _cSaïd Amir Arjmand. |
| 250 | _aPaperback ed. | ||
| 264 | 1 |
_aNew York : _bOxford University Press, _c2012. |
|
| 300 |
_axi, 268 pages : _billustrations ; _c25 cm. |
||
| 336 |
_2rdacontent _atxt |
||
| 337 |
_2rdamedia _aunmediated |
||
| 338 |
_2rdacarrier _avolume |
||
| 500 | _aIncludes index. | ||
| 504 | _aBibliography : p. 245-256. | ||
| 520 | _a For many Americans, Iran is our most dangerous enemy--part of George W. Bush's "axis of evil" even before the appearance of Ahmadinejad. But what is the reality? How did Ahmadinejad rise to power, and how much power does he really have? What are the chances of normalizing relations with Iran? In After Khomeini, Said Amir Arjomand paints a subtle and perceptive portrait of contemporary Iran. This work, a sequel to Arjomand's acclaimed The Turban for the Crown, examines Iran under the successors of Ayatollah Khomeini up to the present day. He begins, as the Islamic Republic did, with K. | ||
| 600 | 1 | 0 |
_942001 _aKhomeini, Ruhollah |
| 651 | 7 |
_2BUEsh _911019 _aIran _xPolitics and government _y1979-1997. |
|
| 651 | 7 |
_2BUEsh _942002 _aIran _xHistory _y1979-1997. |
|
| 651 | 7 |
_2BUEsh _94833 _aIran _xHistory _y1997- |
|
| 653 |
_bBUSBOL _cFebruary2019 |
||
| 942 |
_2ddc _cBB |
||